000 00643nam a2200205Ia 4500
003 GCL
008 140319s9999 xx 000 0 ara d
040 _aGCL /
_cGCL
082 0 4 _a953.023
_bح ت
100 1 _aحسن حسن ابراهيم
245 1 0 _aتاريخ عمرو بن العاص /
_cحسن حسن ابراهيم
260 _aالقاهرة :
_bمكتبة مدبولى ،
_c1996
300 _a294 ص ؛
_c24 سم
490 _aصفحات من تاريخ مصر
_v34
650 0 4 _aالاسلام
650 0 4 _aالتاريخ الاسلامى
650 0 4 _aالدين
650 0 4 _aعمرو بن العاص
942 _2ddc
_cBK
999 _c58690
_d58690